Relative Prices and Economic Adjustment in the U.S. and the EU : A Real Story About European Monetary Union /

Structural vector autoregressions are used to analyze the relationship between real output and relative prices within the EU and the United States, Relative price variability appears to be more important for adjustment within the EU than the United States, reflecting the lower integration of goods a...

Ամբողջական նկարագրություն

Մատենագիտական մանրամասներ
Հիմնական հեղինակ: Thomas, Alun
Այլ հեղինակներ: Bayoumi, Tamim
Ձևաչափ: Ամսագիր
Լեզու:English
Հրապարակվել է: Washington, D.C. : International Monetary Fund, 1994.
Շարք:IMF Working Papers; Working Paper ; No. 1994/065
Առցանց հասանելիություն:Full text available on IMF
LEADER 01638cas a2200253 a 4500
001 AALejournalIMF000142
008 230101c9999 xx r poo 0 0eng d
020 |c 5.00 USD 
020 |z 9781451848632 
022 |a 1018-5941 
040 |a BD-DhAAL  |c BD-DhAAL 
100 1 |a Thomas, Alun. 
245 1 0 |a Relative Prices and Economic Adjustment in the U.S. and the EU :   |b A Real Story About European Monetary Union /  |c Alun Thomas, Tamim Bayoumi. 
264 1 |a Washington, D.C. :  |b International Monetary Fund,  |c 1994. 
300 |a 1 online resource (36 pages) 
490 1 |a IMF Working Papers 
500 |a <strong>Off-Campus Access:</strong> No User ID or Password Required 
500 |a <strong>On-Campus Access:</strong> No User ID or Password Required 
506 |a Electronic access restricted to authorized BRAC University faculty, staff and students 
520 3 |a Structural vector autoregressions are used to analyze the relationship between real output and relative prices within the EU and the United States, Relative price variability appears to be more important for adjustment within the EU than the United States, reflecting the lower integration of goods and factor markets. In the absence of higher market integration, the lower relative price variability implied by the introduction of a single currency in the EU could well cause significant economic disruption. 
538 |a Mode of access: Internet 
700 1 |a Bayoumi, Tamim. 
830 0 |a IMF Working Papers; Working Paper ;  |v No. 1994/065 
856 4 0 |z Full text available on IMF  |u http://elibrary.imf.org/view/journals/001/1994/065/001.1994.issue-065-en.xml  |z IMF e-Library